Cesty a zastavení : kapitoly z české literatury 20. století /

Hlavní autor: Svoboda, Jiří, 1931-
Korporativní autor: Ostravská univerzita. Ústav pro regionální studia
Jazyk: Čeština
Vydáno: Ostrava : Ostravská univerzita, 2002
Vydání: Vyd. 1.
Témata:
Externí odkaz: Digitalizovaný dokument
Fyzický popis: 142 s. ; 21 cm
Knihy
Uloženo v:
LEADER 01859nam a2200469 a 4500
001 000632985
003 CZ BrMZK
005 20100903154111.0
007 ta
008 021024s2002 xr f cze d
015 |a cnb001189099 
020 |a 80-7042-603-9 
020 |a 80-86101-58-4 
035 |a (OCoLC)52449144 
040 |a BOA001  |b cze 
045 |a w9x9 
072 7 |a 821.162.3.09  |x Česká literatura (o ní)  |2 Konspekt  |9 11 
080 |a 821.162.3  |2 MRF 
080 |a 82.09  |2 MRF 
080 |a 82.07  |2 MRF 
080 |a (081)  |2 MRF 
080 |a (0:82-4)  |2 MRF 
100 1 |a Svoboda, Jiří,  |d 1931-  |7 jk01121992  |4 aut 
245 1 0 |a Cesty a zastavení :  |b kapitoly z české literatury 20. století /  |c Jiří Svoboda 
250 |a Vyd. 1. 
260 |a Ostrava :  |b Ostravská univerzita,  |c 2002 
300 |a 142 s. ;  |c 21 cm 
500 |a Vydáno ve spolupráci s nakladatelstvím Tilia 
504 |a Obsahuje bibliografické odkazy a rejstřík 
648 4 |a 1890- 
650 0 7 |a česká literatura  |7 ph116858  |y 1890-  |2 czenas 
650 0 7 |a literárněvědné rozbory  |7 ph138745  |2 czenas 
650 0 7 |a interpretace a přijetí literárního díla  |7 ph137145  |2 czenas 
655 7 |a sborníky  |7 fd163935  |2 czenas 
655 7 |a úvahy  |7 fd134000  |2 czenas 
710 2 |a Ostravská univerzita.  |b Ústav pro regionální studia  |7 kn20010709318 
856 4 1 |u http://www.digitalniknihovna.cz/mzk/uuid/uuid:9f2bd310-fb49-11e2-9923-005056827e52  |y Digitalizovaný dokument  |x NDK 
910 |a BOA001  |b 2-1109.186 
990 |a BK 
996 6 |b 2610173306  |c 2-1109.186  |l MZK  |r Sklad / do 1 hodiny  |n 1  |p p.v.  |w 000632985  |u 000010  |a 1  |e BOA001  |j MZK50  |s P 
996 7 |b 2610175491  |c 2-1109.186  |l MZK  |r Sklad / do 1 hodiny  |n 8  |p kup  |w 000632985  |u 000020  |a 1  |e BOA001  |j MZK50  |s A 
996 7 |b 2610180086  |c 2-1109.186  |l MZK  |r Sklad / do 1 hodiny  |n 7  |p kup  |w 000632985  |u 000030  |a 1  |e BOA001  |j MZK50  |s A